00512nam a2200181Ia 4500001001000000003000500010008004100015010001100056040000900067082001600076100002400092245009900116260003600215300001100251650001700262650002400279700002700303Para_2101CHAP220125s1988 xx 000 0 und d a200734 cCHAP aPA 632.7 B3 aBarbosa, Pedro, ed. aNovel aspects of insect-plant interactions /c ed. by Pedro Barbosa and Deborah K. Letourneau aNew York :b John Wiley & Sons a362 p. aAlelopatía aPlantas e insectos  aLetourneau, Deborah K.